Souvenir. (Record no. 85214)

MARC details
000 -LEADER
fixed length control field 00958cam a2200265 4500
001 - CONTROL NUMBER
control field sa 68013616
003 - CONTROL NUMBER IDENTIFIER
control field DLC
005 - DATE AND TIME OF LATEST TRANSACTION
control field 20260227112623.0
008 - FIXED-LENGTH DATA ELEMENTS--GENERAL INFORMATION
fixed length control field 691209s1968 ii ae 100 0 eng
010 ## - LIBRARY OF CONGRESS CONTROL NUMBER
LC control number sa 68013616
025 ## - OVERSEAS ACQUISITION NUMBER
Overseas acquisition number PL480:I-E-9925
040 ## - CATALOGING SOURCE
Original cataloging agency DLC
Transcribing agency DLC
Modifying agency DLC
050 00 - LIBRARY OF CONGRESS CALL NUMBER
Classification number HC435.2
Item number .I57 1968c
082 00 - DEWEY DECIMAL CLASSIFICATION NUMBER
Classification number 658/.00954
111 2# - MAIN ENTRY--MEETING NAME
Meeting name or jurisdiction name as entry element Indian International Trade and Industries Fair,
Location of meeting Madras,
Date of meeting or treaty signing 1968.
245 00 - TITLE STATEMENT
Title Souvenir.
Statement of responsibility, etc. Editorial board: Satish Chander, hony. chief editor [and others]. Advisers: G. K. Shukla [and others]
260 ## - PUBLICATION, DISTRIBUTION, ETC.
Place of publication, distribution, etc. Delhi,
Name of publisher, distributor, etc. Printed at Oxford and Cambridge Press, for Cultural Meet Publications
Date of publication, distribution, etc. [1968?]
300 ## - PHYSICAL DESCRIPTION
Extent 162 p.
Other physical details illus., plan.
Dimensions 26 cm.
350 ## - PRICE (NR) (BK AM CF MU VM SE) [OBSOLETE]
Price 15.00
500 ## - GENERAL NOTE
General note "Sponsored by the All India Manufacturers Organization".
650 #0 - SUBJECT ADDED ENTRY--TOPICAL TERM
Topical term or geographic name entry element Industries
Geographic subdivision India.
650 #0 - SUBJECT ADDED ENTRY--TOPICAL TERM
Topical term or geographic name entry element Industrial management
Geographic subdivision India.
710 2# - ADDED ENTRY--CORPORATE NAME
Corporate name or jurisdiction name as entry element All-India Manufacturers' Organization.
700 1# - ADDED ENTRY--PERSONAL NAME
Personal name Chander, Satish,
Relator term ed.

No items available.

Powered by Koha